[Event "9th Semana Santa Alicante"]
[Site "San Vicente ESP"]
[Date "2025.04.20"]
[Round "7.1"]
[White "Murzin, Volodar"]
[Black "Tanriverdi, Enes"]
[Result "1-0"]
[WhiteTitle "GM"]
[BlackTitle "IM"]
[WhiteElo "2658"]
[BlackElo "2388"]
[WhiteFideId "44155573"]
[BlackFideId "34543279"]
[EventDate "2025.04.16"]

1. e4 e5 2. Nf3 Nc6 3. Bc4 Nf6 4. d3 Be7 5. O-O O-O 6. Re1 d6 7. a4 Be6 8. Bxe6
fxe6 9. Nbd2 a5 10. Nf1 Qd7 11. Ng3 Rae8 12. c3 d5 13. Qb3 Bc5 14. h3 Kh8 15.
Be3 d4 16. cxd4 exd4 17. Bd2 b6 18. Qb5 e5 19. Rec1 Nb4 20. Bxb4 Bxb4 21. Rc6
Bd6 22. Nf5 Nh5 23. Rxb6 Qf7 24. Rb7 Qg6 25. Kh2 Nf4 26. Rg1 Ne2 27. Rf1 Nf4 28.
g3 Qh5 29. Ng1 Ne6 30. Nxd6 cxd6 31. Rb6 Qg5 32. Rxd6 Qd2 33. Kg2 Rb8 34. Rb6
Rbe8 35. Nf3 Qe2 36. Ng1 Qd2 37. h4 Re7 38. Rb8 Rf7 39. Rxf8+ Nxf8 40. Nf3 Qe2
41. Nxe5 Rf6 42. Qb8 h6 43. Ng6+ Rxg6 44. Qxf8+ Kh7 45. Qf5 h5 46. Rc1 Kh6 47.
Rc8 1-0

[Event "9th Semana Santa Alicante"]
[Site "San Vicente ESP"]
[Date "2025.04.20"]
[Round "7.2"]
[White "Fernandez Guillen, Ernesto J."]
[Black "Vetokhin, Savva"]
[Result "1/2-1/2"]
[WhiteTitle "IM"]
[BlackTitle "GM"]
[WhiteElo "2474"]
[BlackElo "2549"]
[WhiteFideId "3512428"]
[BlackFideId "44144474"]
[EventDate "2025.04.16"]

1. e4 e5 2. Nf3 Nc6 3. d4 exd4 4. Bc4 Nf6 5. O-O Nxe4 6. Re1 d5 7. Bxd5 Qxd5 8.
Nc3 Qd7 9. Nxe4 Be7 10. Bg5 O-O 11. Bxe7 Qxe7 12. Nxd4 Bd7 13. c3 Rfe8 14. h3
Qh4 15. Nf3 1/2-1/2

[Event "9th Semana Santa Alicante"]
[Site "San Vicente ESP"]
[Date "2025.04.20"]
[Round "7.3"]
[White "Lu, Shanglei"]
[Black "Zanan, Evgeny"]
[Result "1-0"]
[WhiteTitle "GM"]
[BlackTitle "GM"]
[WhiteElo "2618"]
[BlackElo "2454"]
[WhiteFideId "8603332"]
[BlackFideId "24101940"]
[EventDate "2025.04.16"]

1. e4 e5 2. Nf3 Nc6 3. Bc4 Nf6 4. Ng5 d5 5. exd5 b5 6. Bf1 Nxd5 7. Bxb5 Bb7 8.
d4 exd4 9. O-O Be7 10. Qh5 g6 11. Qh6 Qd7 12. Re1 a6 13. Ba4 Qf5 14. Qg7 O-O-O
15. Qxf7 Bxg5 16. Qxf5+ gxf5 17. Bxg5 Rdg8 18. Bd2 d3 19. Bxc6 Bxc6 20. cxd3 f4
21. Na3 Nb4 22. g3 Nxd3 23. Re6 Rg6 24. Rxg6 hxg6 25. Bxf4 Nxf4 26. gxf4 Rh4 27.
Nc4 Rg4+ 28. Kf1 Rxf4 29. Rc1 Rh4 30. Ne3 Bf3 31. Kg1 g5 32. Rc5 g4 33. Rc4 Kb7
34. Rf4 Be2 35. a3 c6 36. Nc4 c5 37. Ne5 Kc7 38. f3 Kd6 39. Nc4+ Kc6 40. fxg4
Bxc4 41. Rxc4 Kd5 42. Rf4 Ke5 43. Ra4 Rh3 44. Rc4 Rb3 45. Rxc5+ Kf4 46. Rc4+ 1-0

[Event "9th Semana Santa Alicante"]
[Site "San Vicente ESP"]
[Date "2025.04.20"]
[Round "7.4"]
[White "Mamedov, Edgar"]
[Black "Ivanchuk, Vasyl"]
[Result "1/2-1/2"]
[WhiteTitle "IM"]
[BlackTitle "GM"]
[WhiteElo "2453"]
[BlackElo "2604"]
[WhiteFideId "13739980"]
[BlackFideId "14100010"]
[EventDate "2025.04.16"]

1. d4 d5 2. c4 dxc4 3. e4 Nf6 4. e5 Nd5 5. Bxc4 Bf5 6. Nf3 e6 7. O-O Be7 8. Nc3
c6 9. h3 O-O 10. Bd3 Na6 11. Bxf5 exf5 12. Qb3 Rb8 13. Nxd5 Qxd5 14. Qxd5 cxd5
15. Bd2 Nc7 16. g4 fxg4 17. hxg4 Ne6 18. Be3 Rbe8 19. Rac1 f5 20. exf6 Bxf6 21.
Rc2 h6 22. Rd1 a6 23. Rd3 Rc8 24. Rdc3 Rxc3 25. Rxc3 Rf7 26. Kg2 Rc7 27. Rxc7
Nxc7 28. Ne1 Kf7 29. f4 Nb5 30. Nf3 Nd6 31. Kh3 g6 32. g5 Nf5 33. Bf2 Bg7 34.
gxh6 Nxh6 35. Kg2 Ke6 36. Ne1 Nf5 37. Nc2 Bf6 38. Kf3 Bd8 39. Bg1 Bb6 40. Bf2
Bd8 41. Bg1 Ba5 42. Bf2 Bd2 43. Kg4 Kf6 44. Kf3 Bc1 45. b3 Bd2 46. Bg1 Nh4+ 47.
Kg3 Nf5+ 48. Kf3 Ng7 49. Be3 Bc3 50. Bf2 Ne6 51. Bh4+ Kf7 52. Bf2 Bd2 53. Be3
Ba5 54. Bf2 Bc7 55. Bg3 Bd8 56. Kg4 Bf6 57. Bf2 Ng7 58. Nb4 Ke6 59. Nd3 Kd7 60.
Nc5+ Kc6 61. Nd3 Kd7 62. Nc5+ Kc6 63. Nd3 1/2-1/2

[Event "9th Semana Santa Alicante"]
[Site "San Vicente ESP"]
[Date "2025.04.20"]
[Round "7.5"]
[White "Kozak, Adam"]
[Black "Plazuelo Pascual, Juan"]
[Result "1/2-1/2"]
[WhiteTitle "GM"]
[BlackTitle "IM"]
[WhiteElo "2598"]
[BlackElo "2449"]
[WhiteFideId "753246"]
[BlackFideId "32059566"]
[EventDate "2025.04.16"]

1. e4 c6 2. c4 d5 3. exd5 cxd5 4. d4 Nf6 5. Nc3 Nc6 6. Nf3 a6 7. Bg5 Be6 8. Rc1
h6 9. Bxf6 exf6 10. cxd5 Bxd5 11. Nxd5 Qxd5 12. Bc4 Bb4+ 13. Kf1 Qd7 14. Qa4 Be7
15. d5 Ne5 16. Qxd7+ Kxd7 17. Nxe5+ fxe5 18. Ke2 Kd6 19. Bb3 1/2-1/2

[Event "9th Semana Santa Alicante"]
[Site "San Vicente ESP"]
[Date "2025.04.20"]
[Round "7.6"]
[White "Stremavicius, Titas"]
[Black "Stearman, Josiah"]
[Result "1/2-1/2"]
[WhiteTitle "GM"]
[BlackTitle "IM"]
[WhiteElo "2551"]
[BlackElo "2441"]
[WhiteFideId "12804444"]
[BlackFideId "2062496"]
[EventDate "2025.04.16"]

1. d4 d5 2. Nf3 Nf6 3. g3 e6 4. Bg2 Be7 5. O-O O-O 6. c4 dxc4 7. Na3 Bxa3 8.
bxa3 Bd7 9. Ne5 Bc6 10. Nxc6 Nxc6 11. Bb2 Nd5 12. Rb1 f5 1/2-1/2

[Event "9th Semana Santa Alicante"]
[Site "San Vicente ESP"]
[Date "2025.04.20"]
[Round "7.7"]
[White "Prraneeth, Vuppala"]
[Black "Dragnev, Valentin"]
[Result "1-0"]
[WhiteTitle "GM"]
[BlackTitle "GM"]
[WhiteElo "2433"]
[BlackElo "2538"]
[WhiteFideId "46622373"]
[BlackFideId "1634852"]
[EventDate "2025.04.16"]

1. e4 e6 2. d4 d5 3. e5 c5 4. c3 Nc6 5. Nf3 Bd7 6. Be2 Nge7 7. Na3 cxd4 8. cxd4
Nf5 9. Nc2 Be7 10. O-O O-O 11. Bd3 f6 12. Bxf5 exf5 13. Re1 a5 14. Bf4 g5 15.
exf6 Bxf6 16. Bd6 Re8 17. Ne5 Be6 18. Ba3 f4 19. Qd3 Qc7 20. Re2 Bxe5 21. dxe5
Nxe5 22. Qd4 Ng6 23. Rae1 Qf7 24. b3 Bd7 25. Bb2 Rxe2 26. Rxe2 g4 27. Ne1 Bf5
28. f3 h5 29. fxg4 hxg4 30. h4 f3 31. gxf3 Kh7 32. fxg4 Be4 33. Rf2 Qd7 34. Nf3
Bxf3 35. Rxf3 Re8 36. h5 Ne5 37. Rf4 Qe6 38. Qf2 Rg8 39. Qc2+ Kh6 40. Bc1 Kg7
41. Qc7+ Nd7 42. Qc3+ Kh7 43. Qd3+ Kg7 44. h6+ Kh8 45. Bb2+ Ne5 46. Qf5 Re8 47.
Qxe6 1-0

[Event "9th Semana Santa Alicante"]
[Site "San Vicente ESP"]
[Date "2025.04.20"]
[Round "7.8"]
[White "Gormally, Daniel W"]
[Black "Heberla, Bartlomiej"]
[Result "1/2-1/2"]
[WhiteTitle "GM"]
[BlackTitle "GM"]
[WhiteElo "2428"]
[BlackElo "2523"]
[WhiteFideId "406465"]
[BlackFideId "1115120"]
[EventDate "2025.04.16"]

1. d4 Nf6 2. c4 g6 3. Nc3 Bg7 4. e4 O-O 5. Nf3 d6 6. Be2 Nbd7 7. O-O e5 8. Be3
c6 9. Qc2 Ng4 10. Bg5 f6 11. Bh4 g5 12. Bg3 Nh6 13. dxe5 fxe5 14. Rfd1 Nf7 15.
b4 Qe7 16. c5 dxc5 1/2-1/2

[Event "9th Semana Santa Alicante"]
[Site "San Vicente ESP"]
[Date "2025.04.20"]
[Round "7.9"]
[White "Marin, Mihail"]
[Black "Diaz Camallonga, Carles"]
[Result "1/2-1/2"]
[WhiteTitle "GM"]
[BlackTitle "IM"]
[WhiteElo "2426"]
[BlackElo "2487"]
[WhiteFideId "1200020"]
[BlackFideId "22235256"]
[EventDate "2025.04.16"]

1. Nf3 e6 2. g3 b5 3. Bg2 Bb7 4. O-O Nf6 5. d4 c5 6. Na3 Qb6 7. c4 bxc4 8. Nxc4
Qa6 9. b3 cxd4 10. Nxd4 Bxg2 11. Kxg2 Be7 12. Bb2 O-O 13. Qd3 Qb7+ 14. Qf3 Qxf3+
15. Kxf3 a5 16. Rfc1 Nd5 17. e4 Nb4 18. Ke2 d5 19. exd5 Nxd5 20. a3 Ra6 21. Rc2
Nd7 22. Rac1 h6 23. Ne3 Bf6 24. Nxd5 exd5 25. Nf5 Re6+ 26. Kf1 Ne5 27. Rc8 Rxc8
28. Rxc8+ Kh7 29. Nd4 Rb6 30. Bc3 a4 31. bxa4 Rb1+ 32. Kg2 Nc4 33. a5 Bxd4 34.
Bxd4 Nxa5 35. Rc5 Nc4 36. Rxd5 1/2-1/2

[Event "9th Semana Santa Alicante"]
[Site "San Vicente ESP"]
[Date "2025.04.20"]
[Round "7.10"]
[White "Almeida Quintana, Omar"]
[Black "Ilinca, Felix-Antonio"]
[Result "1-0"]
[WhiteTitle "GM"]
[BlackTitle "IM"]
[WhiteElo "2483"]
[BlackElo "2397"]
[WhiteFideId "3503313"]
[BlackFideId "54764998"]
[EventDate "2025.04.16"]

1. d4 Nf6 2. Nf3 e6 3. c4 d5 4. Nc3 dxc4 5. e4 b5 6. e5 Nd5 7. Nxb5 Nb6 8. Be2
Be7 9. O-O O-O 10. Be3 Nc6 11. a3 Rb8 12. Qc2 Bb7 13. Rad1 Na5 14. Nc3 Nd5 15.
Bd2 c5 16. dxc5 Qc7 17. Ne4 Nb3 18. Qxc4 Nxc5 19. Nxc5 Qxc5 20. Qxc5 Bxc5 21.
Rc1 Bb6 22. Rfd1 a5 23. Kf1 h6 24. h4 f6 25. exf6 Rxf6 26. Bc4 Rbf8 27. Re1 Kh8
28. Re2 Nf4 29. Bxf4 Rxf4 30. Rxe6 Bxf3 31. Rxb6 Rxh4 32. Kg1 Rc8 33. gxf3 Rhxc4
34. Rxc4 Rxc4 35. Kg2 Rc5 36. f4 Kh7 37. Kg3 Rd5 38. a4 Rd4 39. b3 Rd3+ 40. Kg4
Rc3 41. f5 Kg8 42. Rb7 Rc2 43. f6 gxf6 44. f4 Kf8 45. Kf5 Rc6 46. Kg6 Rc3 47. f5
Rc6 48. Kxh6 Ke8 49. Kg6 Ra6 50. Kg7 Kd8 51. Rf7 Rb6 52. Ra7 Rxb3 53. Kxf6 1-0

[Event "9th Semana Santa Alicante"]
[Site "San Vicente ESP"]
[Date "2025.04.20"]
[Round "7.11"]
[White "Smirnov, Mark"]
[Black "Szpar, Milosz"]
[Result "1-0"]
[WhiteTitle "FM"]
[BlackTitle "IM"]
[WhiteElo "2336"]
[BlackElo "2481"]
[WhiteFideId "13764594"]
[BlackFideId "1184989"]
[EventDate "2025.04.16"]

1. e4 c5 2. Nf3 d6 3. d4 cxd4 4. Nxd4 Nf6 5. Nc3 Nc6 6. Bg5 e6 7. Qd2 a6 8.
O-O-O Be7 9. f4 Bd7 10. Nf3 b5 11. a3 Rb8 12. e5 dxe5 13. fxe5 Ng4 14. Ne4 Ngxe5
15. Nd6+ Kf8 16. Be2 Bxg5 17. Nxg5 f6 18. Nge4 b4 19. Nxf6 bxa3 20. bxa3 Qb6 21.
Nxd7+ Nxd7 22. Rhf1+ Nf6 23. Rxf6+ gxf6 24. Qh6+ Kg8 25. Rd3 Qb2+ 26. Kd2 Qe5
27. Rg3+ Qxg3 28. hxg3 Rd8 29. Qxf6 Rxd6+ 30. Kc1 Nd8 31. Qe7 Rd5 32. Bc4 Rd4
33. Bxe6+ 1-0

[Event "9th Semana Santa Alicante"]
[Site "San Vicente ESP"]
[Date "2025.04.20"]
[Round "7.12"]
[White "Sanchez, Sebastian Felipe"]
[Black "Puranik, Abhimanyu"]
[Result "0-1"]
[WhiteTitle "IM"]
[BlackTitle "GM"]
[WhiteElo "2415"]
[BlackElo "2636"]
[WhiteFideId "4403304"]
[BlackFideId "5061245"]
[EventDate "2025.04.16"]

1. d4 Nf6 2. c4 e6 3. g3 c5 4. d5 exd5 5. cxd5 d6 6. Nc3 g6 7. Bg2 Bg7 8. Nf3
O-O 9. O-O Re8 10. Nd2 a6 11. a4 Nbd7 12. h3 Rb8 13. Nc4 Qc7 14. Bf4 Bf8 15. a5
Nh5 16. Bg5 Ne5 17. Nb6 f5 18. e4 Nf7 19. Bd2 Nf6 20. Nxc8 Qxc8 21. exf5 Qxf5
22. Ra4 Bg7 23. g4 Qc8 24. b4 cxb4 25. Ne2 b3 26. Nf4 b2 27. Ne6 b6 28. g5 Nd7
29. Nxg7 Kxg7 30. Qb1 bxa5 31. Ra2 Re2 32. Bxa5 Rc2 33. Be4 Rc1 34. Qd3 b1=Q 35.
Qd4+ Nde5 36. Bxb1 Rbxb1 37. Rxc1 Qxc1+ 0-1

[Event "9th Semana Santa Alicante"]
[Site "San Vicente ESP"]
[Date "2025.04.20"]
[Round "7.13"]
[White "Nurgaliyev, Sauat"]
[Black "Iturrizaga Bonelli, Eduardo"]
[Result "0-1"]
[WhiteTitle "IM"]
[BlackTitle "GM"]
[WhiteElo "2386"]
[BlackElo "2585"]
[WhiteFideId "13726285"]
[BlackFideId "3901211"]
[EventDate "2025.04.16"]

1. e4 c6 2. Nf3 d5 3. Nc3 g6 4. d4 Bg7 5. exd5 cxd5 6. Bf4 a6 7. Qd2 Nf6 8. h4
Nc6 9. Ne5 Bd7 10. f3 e6 11. g4 h5 12. O-O-O Rc8 13. Kb1 Ng8 14. Bd3 Nge7 15.
Qe3 Qa5 16. Ne2 Nb4 17. a3 Nxd3 18. Nxd3 Bb5 19. Be5 Bxd3 20. Rxd3 Bxe5 21. dxe5
hxg4 22. fxg4 Rxh4 23. Rf1 Qc5 24. Qxc5 Rxc5 25. Rdf3 Rh7 26. Nd4 Rc4 27. c3 Nc6
28. Nxc6 Rxc6 29. Rf4 g5 30. Rb4 Rc7 31. Re1 Rh2 32. Re3 Kf8 33. Ka2 Kg7 34. Kb3
Rg2 35. Ka4 Rc4 36. Ka5 Rxb4 37. cxb4 f6 38. exf6+ Kxf6 39. Kb6 Rxb2 40. Kxb7 d4
41. Rf3+ Ke5 42. Kxa6 Ke4 43. Rf6 Kd5 44. Kb5 e5 45. a4 d3 46. a5 e4 47. a6 Ra2
48. Rf8 e3 49. Kb6 e2 50. Re8 Ra1 51. a7 d2 0-1

[Event "9th Semana Santa Alicante"]
[Site "San Vicente ESP"]
[Date "2025.04.20"]
[Round "7.14"]
[White "Sethuraman, S.P."]
[Black "Kulon, Klaudia"]
[Result "1-0"]
[WhiteTitle "GM"]
[BlackTitle "IM"]
[WhiteElo "2548"]
[BlackElo "2408"]
[WhiteFideId "5021596"]
[BlackFideId "1131044"]
[EventDate "2025.04.16"]

1. e4 e5 2. Nf3 Nc6 3. Bc4 Nf6 4. d3 h6 5. O-O d6 6. a4 g6 7. a5 a6 8. Nc3 Bg7
9. h3 O-O 10. Be3 Ne7 11. Re1 c5 12. Na4 Nc6 13. Nb6 Rb8 14. Bd2 Nh5 15. Nxc8
Qxc8 16. c3 Nf4 17. g3 Nxh3+ 18. Kg2 Qg4 19. Nh4 Nf4+ 20. Bxf4 Qxd1 21. Rexd1
exf4 22. Nxg6 f3+ 23. Kxf3 Ne5+ 24. Nxe5 Bxe5 25. Ke3 Kg7 26. f4 Bf6 27. Rh1
Rfd8 28. Rh5 b5 29. axb6 Rxb6 30. Rh2 Ra8 31. Rah1 Ra7 32. g4 Rb8 33. Kf3 a5 34.
Rxh6 Rxb2 35. g5 Bxc3 36. Rh8 Rb1 37. R1h7+ Kg6 38. Rh6+ Kg7 39. f5 Rf1+ 40. Kg2 1-0

[Event "9th Semana Santa Alicante"]
[Site "San Vicente ESP"]
[Date "2025.04.20"]
[Round "7.15"]
[White "Pranav, Anand"]
[Black "Flores Quillas, Diego Saul Rodri"]
[Result "1/2-1/2"]
[WhiteTitle "GM"]
[BlackTitle "IM"]
[WhiteElo "2538"]
[BlackElo "2400"]
[WhiteFideId "46626786"]
[BlackFideId "3822508"]
[EventDate "2025.04.16"]

1. d4 Nf6 2. c4 e6 3. Nf3 b6 4. g3 Bb7 5. Bg2 Bb4+ 6. Bd2 Be7 7. O-O O-O 8. Qc2
c5 9. dxc5 bxc5 10. Nc3 d5 11. cxd5 exd5 12. Nh4 Nc6 13. Nf5 Nd4 14. Qd3 Nxf5
15. Qxf5 Qb6 16. Bg5 Qe6 17. Qc2 Rab8 18. Bxf6 Bxf6 19. Na4 c4 20. Rad1 Bc6 21.
e3 Rfd8 22. Nc3 d4 23. exd4 Bxg2 24. Kxg2 Bxd4 25. Rfe1 Qf6 26. Re4 g6 27. Rf4
Qb6 28. Qe2 Bxc3 29. Rxd8+ Rxd8 30. bxc3 Qc6+ 31. Qe4 Rc8 32. Qxc6 Rxc6 33. a4
Kf8 34. Re4 Rc5 35. Kf3 f5 36. Rh4 Kg7 37. Rd4 Kf6 38. h4 Ke6 39. Kf4 h6 40. Rd8
Ra5 41. Rh8 Kf6 42. h5 g5+ 43. Ke3 Kg7 44. Rc8 Rxa4 45. Rc7+ Kf6 46. Rh7 Ke5 47.
f4+ gxf4+ 48. gxf4+ Kd5 49. Re7 Ra1 50. Re5+ Kd6 51. Rxf5 Rd1 52. Ke4 Rd3 53.
Rf6+ Kc5 54. Rxh6 Rxc3 55. f5 Rh3 56. f6 Kd6 57. f7+ Ke7 58. Rf6 Kf8 59. h6 c3
60. Kd4 c2 61. Rc6 Kxf7 1/2-1/2

[Event "9th Semana Santa Alicante"]
[Site "San Vicente ESP"]
[Date "2025.04.20"]
[Round "7.16"]
[White "Vrolijk, Liam"]
[Black "Garza Marco, Sergio"]
[Result "1-0"]
[WhiteTitle "GM"]
[BlackTitle "IM"]
[WhiteElo "2520"]
[BlackElo "2386"]
[WhiteFideId "1048333"]
[BlackFideId "2210177"]
[EventDate "2025.04.16"]

1. Nf3 Nf6 2. c4 e6 3. Nc3 d5 4. d4 c5 5. e3 a6 6. cxd5 exd5 7. Bd3 Nc6 8. h3
Bd6 9. dxc5 Bxc5 10. O-O O-O 11. b3 Re8 12. Bb2 Ba7 13. Ne2 Ne4 14. Rc1 Bb8 15.
Bb1 Be6 16. Nf4 Bxf4 17. exf4 f6 18. Nd4 Nxd4 19. Qxd4 Bf7 20. Rfe1 Rc8 21. Rcd1
Qa5 22. Re3 Nd6 23. b4 Qb5 24. Rg3 Re6 25. f5 Re5 26. Qg4 Ne8 27. Bxe5 fxe5 28.
f6 Rc4 29. Qf5 g6 30. Qxe5 Rxb4 31. Bc2 Qc6 32. Bb3 Qxf6 33. Rxd5 Bxd5 34. Qxe8+
Kg7 35. Bxd5 Rb1+ 36. Kh2 Qxf2 37. Qe7+ Kh6 38. Qh4+ 1-0

[Event "9th Semana Santa Alicante"]
[Site "San Vicente ESP"]
[Date "2025.04.20"]
[Round "7.17"]
[White "Kiladze, Luka"]
[Black "Berdayes Ason, Dylan Isidro"]
[Result "0-1"]
[WhiteTitle "FM"]
[BlackTitle "GM"]
[WhiteElo "2380"]
[BlackElo "2478"]
[WhiteFideId "13623389"]
[BlackFideId "3516016"]
[EventDate "2025.04.16"]

1. d4 Nf6 2. Nf3 d5 3. Bf4 c5 4. e3 Nc6 5. Nbd2 Bg4 6. c3 e6 7. Qb3 Qc8 8. Ne5
Nxe5 9. Bxe5 c4 10. Qc2 Bf5 11. Qd1 Nd7 12. Bg3 b5 13. Be2 Be7 14. O-O O-O 15.
Bf3 Bd3 16. Re1 f5 17. Be2 Bxe2 18. Qxe2 Qc6 19. f3 Rae8 20. e4 f4 21. Bf2 Nb6
22. b4 Na4 23. Nb1 Bf6 24. e5 Be7 25. a3 Ra8 26. Ra2 Qe8 27. Kh1 Qg6 28. Rg1 Qf5
29. Qd1 a5 30. Be1 Rf7 31. Rf2 axb4 32. axb4 Nb6 33. Qc1 Ra1 34. Bd2 Bf8 35. g3
fxg3 36. hxg3 Rfa7 37. Kg2 R7a2 38. Be3 Na4 39. Rxa2 Rxa2+ 40. Bf2 Ra1 41. Rd1
Nxc3 42. Qxc3 Rxb1 43. Rxb1 Qxb1 44. Be1 Kf7 45. Bd2 Qb3 46. g4 Be7 47. f4 Qd1
48. g5 Qe2+ 49. Kg3 h5 50. gxh6 gxh6 51. Qc1 h5 0-1

[Event "9th Semana Santa Alicante"]
[Site "San Vicente ESP"]
[Date "2025.04.20"]
[Round "7.18"]
[White "Santiago, Yago De Moura"]
[Black "Vega Gutierrez, Sabrina"]
[Result "1-0"]
[WhiteTitle "GM"]
[BlackTitle "IM"]
[WhiteElo "2475"]
[BlackElo "2380"]
[WhiteFideId "2103877"]
[BlackFideId "2219026"]
[EventDate "2025.04.16"]

1. d4 d5 2. c4 c5 3. cxd5 Nf6 4. dxc5 Qd7 5. d6 Qxd6 6. Qd4 Qd5 7. Qxd5 Nxd5 8.
a3 e6 9. b4 a5 10. e4 Nf6 11. Bb2 axb4 12. axb4 Rxa1 13. Bxa1 Nc6 14. Bb5 Bd7
15. Bxc6 Bxc6 16. f3 b6 17. Nc3 bxc5 18. b5 Bd7 19. Nge2 Bd6 20. Kd2 Ke7 21. Kd3
Rb8 22. Kc4 e5 23. Rb1 Be6+ 24. Kd3 c4+ 25. Kc2 Nd7 26. Bb2 Nc5 27. Bc1 Nb3 28.
Be3 Bc7 29. Rd1 Ra8 30. Kb2 Bd6 31. Nd5+ Kf8 32. Nec3 Bc5 33. Nc7 Rc8 34. Bxc5+
Nxc5 35. Na6 Nd3+ 36. Kc2 Ra8 37. Nd5 Ra7 38. Rb1 Bc8 39. Kc3 Nf4 40. Nxf4 exf4
41. Ra1 Be6 42. b6 Rb7 43. Rb1 1-0

[Event "9th Semana Santa Alicante"]
[Site "San Vicente ESP"]
[Date "2025.04.20"]
[Round "7.19"]
[White "Sanchez Alvarez, Roberto Carlos"]
[Black "Diaz Perez, Michel Alejandro"]
[Result "0-1"]
[WhiteTitle "IM"]
[BlackTitle "IM"]
[WhiteElo "2373"]
[BlackElo "2474"]
[WhiteFideId "3508684"]
[BlackFideId "3517179"]
[EventDate "2025.04.16"]

1. d4 Nf6 2. c4 e6 3. Nc3 Bb4 4. Qc2 b6 5. e4 c5 6. d5 Qe7 7. Ne2 exd5 8. exd5
O-O 9. Bg5 d6 10. O-O-O h6 11. Bh4 Re8 12. f3 Nbd7 13. Kb1 Ne5 14. Nc1 Bxc3 15.
Bxf6 Qxf6 16. Qxc3 Bf5+ 17. Ka1 Re7 18. g3 Bg6 19. Bg2 Qf5 20. Nb3 Rae8 21. Nd2
Qd3 22. Bf1 Qxc3 23. bxc3 Bc2 24. Re1 Kf8 25. Re3 Bg6 26. Bg2 Nd3 27. Ne4 Bxe4
28. fxe4 Ne5 29. Rf1 Nxc4 30. Re2 Ne5 31. Kb2 c4 32. Kc2 Rc8 33. Kd2 Rc5 34. Ke3
Ra5 35. Kd4 Ra3 36. Rb1 Rc7 37. Rc2 Rc5 38. Bf1 b5 39. Rf2 Ke7 40. Rbb2 f6 41.
Be2 a6 42. h4 Rc8 43. g4 Rf8 44. Rf5 Ng6 45. h5 Ne5 46. Rf2 Rb8 47. Rf1 Nd7 48.
Rfb1 Re8 49. Bd1 Kd8 50. Rc1 Kc7 51. Rcb1 Re5 52. Rc1 Rg5 53. Rcc2 Nc5 54. Rg2
Nd3 55. Rbd2 Nc5 56. Rb2 Kb6 57. Bc2 Re5 58. Rf2 Kc7 59. Rg2 Re8 60. Rg1 Nd7 61.
Bd1 Rb8 62. Be2 Nc5 63. Bd1 a5 64. Bc2 b4 65. cxb4 c3 66. bxc5 cxb2 67. cxd6+
Kxd6 68. e5+ fxe5+ 0-1

[Event "9th Semana Santa Alicante"]
[Site "San Vicente ESP"]
[Date "2025.04.20"]
[Round "7.20"]
[White "Lopez Varela, Pablo"]
[Black "Castellanos Rodriguez, Renier"]
[Result "1/2-1/2"]
[WhiteTitle "FM"]
[BlackTitle "GM"]
[WhiteElo "2350"]
[BlackElo "2471"]
[WhiteFideId "32092105"]
[BlackFideId "3404650"]
[EventDate "2025.04.16"]

1. e4 c5 2. d4 cxd4 3. c3 dxc3 4. Nxc3 e6 5. Nf3 a6 6. Bc4 b5 7. Bb3 Bb7 8. O-O
Nc6 9. a4 Nf6 10. axb5 axb5 11. Rxa8 Bxa8 12. e5 b4 13. Nb5 Qb8 14. Qe2 Ne4 15.
Qxe4 Qxb5 16. Bg5 Bc5 17. Bc2 b3 18. Bd3 Qb6 19. Bd2 Bb7 20. Qg4 g6 21. Qf4 Be7
22. Rc1 1/2-1/2

[Event "9th Semana Santa Alicante"]
[Site "San Vicente ESP"]
[Date "2025.04.20"]
[Round "7.21"]
[White "Gines Esteo, Pedro Antonio"]
[Black "Perea Fruet, Lorenzo"]
[Result "1-0"]
[WhiteTitle "GM"]
[BlackTitle "FM"]
[WhiteElo "2469"]
[BlackElo "2374"]
[WhiteFideId "32080190"]
[BlackFideId "24595870"]
[EventDate "2025.04.16"]

1. Nf3 d5 2. g3 Nf6 3. Bg2 e6 4. O-O Be7 5. d3 c5 6. e4 dxe4 7. dxe4 Qxd1 8.
Rxd1 Nxe4 9. Ne5 Nd6 10. Na3 f6 11. Nec4 Nxc4 12. Nxc4 Nd7 13. a4 Rb8 14. a5 Nf8
15. Bf4 e5 16. Nxe5 fxe5 17. Bxe5 Nd7 18. Rxd7 Kxd7 19. Bxb8 a6 20. Rd1+ Ke8 21.
Re1 Kf8 22. h4 h5 23. c3 Kf7 24. Bd5+ Kf6 25. Be5+ Kg6 26. Bxg7 Rd8 27. c4 Bxh4
28. gxh4 Kxg7 29. Re5 Kg6 30. Be4+ Kf6 31. Rxc5 Rd4 32. f3 Be6 33. b3 Rd1+ 34.
Kf2 Rd2+ 35. Kg3 Rb2 36. Bxb7 Rxb3 37. Bxa6 Bg4 38. Bb7 1-0

[Event "9th Semana Santa Alicante"]
[Site "San Vicente ESP"]
[Date "2025.04.20"]
[Round "7.22"]
[White "Liu, Zexu"]
[Black "Camacho Collados, Marcos"]
[Result "1/2-1/2"]
[BlackTitle "IM"]
[WhiteElo "2335"]
[BlackElo "2468"]
[WhiteFideId "8605963"]
[BlackFideId "2266237"]
[EventDate "2025.04.16"]

1. Nf3 e6 2. g3 d5 3. d4 b5 4. a4 b4 5. c4 bxc3 6. Nxc3 a5 7. Bg2 Nf6 8. O-O Bb4
9. Bf4 O-O 10. Ne5 Bb7 11. Qb3 Nc6 12. Nxc6 Bxc6 13. Rfc1 Qd7 14. Bg5 Be7 15.
Bd2 Rfb8 16. Qc2 Bb7 17. Na2 c5 18. dxc5 Rc8 19. b4 axb4 20. Nxb4 Bxc5 21. Qb3
h6 22. e3 Ne4 23. Be1 Rab8 24. Qd1 Qe7 25. Nd3 Ba7 26. Rxc8+ Rxc8 27. Rc1 Rxc1
28. Qxc1 d4 29. exd4 Ng5 30. Ne5 Bxg2 31. Kxg2 Bxd4 32. Qc8+ Kh7 33. Qc2+ f5 34.
Nc6 Qd6 35. Nxd4 Qxd4 36. f3 Qe3 37. Qf2 Qa3 38. a5 e5 39. h4 Ne6 40. Qf1 h5 41.
Bf2 Qxa5 42. Qd3 Kg6 43. Qd6 Kf6 44. Be3 Qa2+ 45. Kh3 Qc4 46. Bg5+ Kg6 47. Kg2
e4 48. fxe4 Qxe4+ 49. Kf2 Kh7 50. Be3 Qc2+ 51. Kf3 Nc7 52. Qe5 Qc6+ 53. Kf2 Qc2+
54. Kf3 Qd1+ 55. Kf2 Qd7 56. Bd4 Nd5 57. Qe2 Qf7 58. Qe5 Nb4 59. Qe2 Nc6 60. Bc3
Kg8 61. Qe3 Ne7 62. Qd4 Kh7 63. Qe5 Ng8 64. Bd2 Qd7 65. Bg5 Qa7+ 66. Kf3 Qd7 67.
Kf4 Kg6 68. Kf3 Qc6+ 69. Ke3 Qc1+ 70. Kf2 Qc2+ 71. Kf3 Qc6+ 72. Ke3 Nf6 73. Bxf6
Qxf6 74. Qe8+ Qf7 75. Qc6+ Kh7 76. Qd6 Qc4 77. Qe5 Qf1 78. Qc7 Qe1+ 79. Kf3 Qe4+
80. Kf2 Qg4 81. Ke3 Qe4+ 82. Kf2 Qe6 83. Kf3 Kg6 84. Kf2 Qa2+ 85. Kf3 Qd5+ 86.
Kf2 Qd4+ 87. Kf3 Qe4+ 88. Kf2 Qd4+ 89. Kf3 Qg4+ 90. Ke3 Kh7 91. Qd6 Qe4+ 92. Kf2
f4 93. gxf4 Qf5 94. Qe7 Qxf4+ 95. Kg2 Qf6 96. Qb4 Qg6+ 97. Kf3 Qf5+ 98. Kg3 Qd3+
99. Kg2 Qd5+ 100. Kg3 Qe5+ 101. Kg2 Kg6 102. Qc4 Kf6 103. Kf3 Ke7 104. Qb4+ Kf6
105. Qc4 Qf5+ 106. Kg3 Qe5+ 107. Kf3 Ke7 108. Qb4+ Kf7 109. Qc4+ Kg6 110. Qb4
Kf5 111. Qb1+ Ke6 112. Qb6+ Ke7 113. Qb4+ 1/2-1/2